[Event "Maccabiah op"]
[Site "Jerusalem"]
[Date "2013.07.25"]
[Round "6"]
[White "Levi, Yoel"]
[Black "Vinogradov, Victor"]
[Result "1-0"]
[WhiteElo "1887"]
[BlackElo "2099"]
[PlyCount "47"]
[EventDate "2013.07.21"]
[EventType "swiss"]
[EventRounds "9"]
[EventCountry "ISR"]
[SourceTitle "EXT 2014"]
[Source "ChessBase"]
[SourceDate "2013.11.20"]
[SourceVersion "1"]
[SourceVersionDate "2013.11.20"]
[SourceQuality "1"]

1. d4 e6 2. c4 f5 3. Nc3 d5 4. Nf3 c6 5. g3 Nf6 6. Bg2 Bd6 7. 0-0 Nbd7 8. Qc2 Ne4 9. Nd2 0-0 10. Ndxe4 fxe4 11. f3 exf3 12. Bxf3 Nf6 13. Bg5 Be7 14. Rad1 dxc4 15. e4 Qa5 16. e5 Nd5 17. Bxd5 Bxg5 18. Rxf8+ Kxf8 19. Rf1+ Bf6 20. Bxc4 Qb6 21. Qf2 Qb4 22. exf6 Qxc4 23. fxg7+ Kxg7 24. Qf6+ 1-0

[Event "Maccabiah op"]
[Site "Jerusalem"]
[Date "2013.07.21"]
[Round "1"]
[White "Vinogradov, Victor"]
[Black "Vuller, Victoria"]
[Result "1-0"]
[WhiteElo "2099"]
[BlackElo "1378"]
[PlyCount "25"]
[EventDate "2013.07.21"]
[EventType "swiss"]
[EventRounds "9"]
[EventCountry "ISR"]
[SourceTitle "EXT 2014"]
[Source "ChessBase"]
[SourceDate "2013.11.20"]
[SourceVersion "1"]
[SourceVersionDate "2013.11.20"]
[SourceQuality "1"]

1. d4 d5 2. c4 e6 3. Nc3 Nf6 4. cxd5 Nxd5 5. e4 Nb6 6. Nf3 Be7 7. Bd3 0-0 8. 0-0 Nc6 9. Be3 f5 10. e5 f4 11. Bc1 Nxd4 12. Nxd4 Qxd4 13. Bxh7+ 1-0

[Event "EU-ch Seniors 05th"]
[Site "Bad Homburg"]
[Date "2005.??.??"]
[Round "9"]
[White "Vinogradov, Victor"]
[Black "Sorokin, Valentin"]
[Result "1/2-1/2"]
[WhiteElo "2147"]
[BlackElo "2375"]
[PlyCount "186"]
[EventDate "2005.06.25"]
[EventType "swiss"]
[EventRounds "9"]
[EventCountry "GER"]
[SourceTitle "EXT 2006"]
[Source "ChessBase"]
[SourceDate "2005.11.24"]
[SourceVersion "1"]
[SourceVersionDate "2005.11.24"]
[SourceQuality "1"]

1. d4 Nf6 2. c4 e6 3. g3 c5 4. d5 b5 5. Bg2 Bb7 6. e4 bxc4 7. Na3 exd5 8. exd5 d6 9. Nxc4 Be7 10. Ne2 0-0 11. Bf4 Na6 12. Nc3 Nc7 13. 0-0 Ba6 14. b3 Nb5 15. Nxb5 Bxb5 16. Re1 Re8 17. Rc1 Bxc4 18. Rxc4 Qd7 19. Bd2 Qb5 20. Bh3 Qb7 21. Rc1 Bf8 22. Bg2 Rxe1+ 23. Bxe1 g6 24. Bc3 Bg7 25. Bxf6 Bxf6 26. Rc2 a5 27. Rc4 Bd4 28. Qd2 Qc7 29. Ra4 Qd8 30. Bf3 Qf6 31. Kg2 Kg7 32. Rc4 Qe5 33. Qe2 Qf6 34. Qd2 Ra7 35. Qe1 g5 36. Qd2 Re7 37. Rc2 Re5 38. Bg4 Qg6 39. Be2 g4 40. Qd1 h5 41. Bc4 Qe4+ 42. Kg1 h4 43. gxh4 Qf4 44. Re2 Rh5 45. Qf1 Rxh4 46. Qg2 Be5 47. Re4 Qc1+ 48. Qf1 Bxh2+ 49. Kg2 Qg5 50. Qe1 Be5 51. Qe3 Qh5 52. Kf1 Rh1+ 53. Ke2 g3+ 54. Kd3 Qd1+ 55. Qd2 Qb1+ 56. Ke3 Re1+ 57. Be2 f5 58. Rxe5 dxe5 59. fxg3 Qe4+ 60. Kf2 Rxe2+ 61. Qxe2 Qxd5 62. Qh5 Qd2+ 63. Kf1 Qd3+ 64. Kf2 Qd4+ 65. Kg2 Qe4+ 66. Kf2 Qc2+ 67. Kf1 Kf6 68. Qh6+ Ke7 69. Qc6 Qb1+ 70. Kg2 Qb2+ 71. Kh3 Qd4 72. Qc7+ Kf6 73. Qc6+ Kg5 74. Qe8 Qg4+ 75. Kg2 Qe2+ 76. Kg1 f4 77. gxf4+ Kxf4 78. Qf8+ Kg3 79. Qg7+ Kf3 80. Qf8+ Ke4 81. Qa8+ Ke3 82. Qxa5 Qg4+ 83. Kf1 Qf3+ 84. Kg1 Qf2+ 85. Kh1 Kf3 86. Qa8+ e4 87. Qf8+ Ke2 88. Qe7 Kf1 89. Qg5 e3 90. a4 e2 91. Qc1+ e1Q 92. Qc4+ Qee2 93. Qc1+ Qfe1 1/2-1/2